A students introduction to sewage works design (Record no. 548001)

000 -LEADER
fixed length control field 00477nam a22001577a 4500
082 ## - DEWEY DECIMAL CLASSIFICATION NUMBER
Classification number 628.24
Author Mark BAT
-- L-23, P-1
100 ## - MAIN ENTRY--PERSONAL NAME
Personal name Bateson, T.C.H
9 (RLIN) 44183
245 ## - TITLE STATEMENT
Title A students introduction to sewage works design
Statement of responsibility, etc. Bateson, T.C.H
250 ## - EDITION STATEMENT
Edition statement 1st ed.
260 ## - PUBLICATION, DISTRIBUTION, ETC.
Place of publication, distribution, etc. London
Name of publisher, distributor, etc. Sir Isaac pitman & sons
Date of publication, distribution, etc. 1958
300 ## - PHYSICAL DESCRIPTION
Extent x, 144 p.
Other physical details ill.
Dimensions 28 cm
526 ## - STUDY PROGRAM INFORMATION NOTE
Program name 0
Interest level 0
Reading level 0
Title point value 628_240000000000000_BAT
526 ## - STUDY PROGRAM INFORMATION NOTE
Program name 0
Interest level 0
Reading level 0
Title point value 628_240000000000000_BAT
650 ## - SUBJECT ADDED ENTRY--TOPICAL TERM
Topical term or geographic name entry element MCE
9 (RLIN) 379
942 ## - ADDED ENTRY ELEMENTS (KOHA)
Source of classification or shelving scheme
Koha item type Book
Holdings
Withdrawn status Lost status Source of classification or shelving scheme Damaged status Not for loan Permanent Location Current Location Date acquired Total Checkouts Full call number Barcode Date last seen Price effective from Koha item type
          Military College of Engineering (MCE) Military College of Engineering (MCE) 08/19/2014   628.24 BAT MCE-1686 08/19/2014 08/19/2014 Book
          Military College of Engineering (MCE) Military College of Engineering (MCE) 08/19/2014   628.24 BAT MCE-1687 08/19/2014 08/19/2014 Book
© 2023 Central Library, National University of Sciences and Technology. All Rights Reserved.